| 000 | 00954nam a2200265Ia 4500 | ||
|---|---|---|---|
| 003 | OSt | ||
| 005 | 20221005022752.0 | ||
| 006 | a|||||r|||| 00| 0 | ||
| 007 | ta | ||
| 008 | 221004b |||||||| |||| 00| 0 eng d | ||
| 020 |
_a9789027252050 (hbk) _c7349.64 |
||
| 024 | _a97230 | ||
| 037 |
_b5152, 23/10/2008, Efficient Book Distributors _cTextual |
||
| 040 |
_aCRL _cCRL _beng |
||
| 041 |
_2eng _aeng |
||
| 082 | _aS:4:(R), P7 | ||
| 100 |
_aKuczynski John-Michael _9578643 |
||
| 245 | 0 |
_aConceptual atomism and the computational theory of mind _b A defense of content internalism and semantic externalism |
|
| 260 |
_aAmsterdam _bJohn Benjamins Publsihing Company The Netherlands _c2007 |
||
| 300 |
_aix,524p. _ccm. |
||
| 490 | _aAdvance in consciousness research (AiCR) | ||
| 650 | _aPSYCHOLOGY | ||
| 942 |
_hS:4:(R), P7 _cTEXL _2cc |
||
| 999 |
_c930012 _d930012 |
||